Culture précise - Football #5 - Statistiques

Statistiques générales
  • Ce quiz a été pris 405 fois
  • Le résultat moyen est 7 sur 10
Statistiques - réponses
Hint Réponse % Correct
Quel numéro porta Cristiano Ronaldo durant la grande partie de sa carrière ? 7
99%
Dans club a-t-il joué avant de rejoindre Manchester United ? Sporting CP
96%
Quelle est la réelle passion de Gareth Bale ? Le golf
92%
Quels sont les nationalités des 2 autres joueurs qui formaient avec lui la BBC ? français et gallois
88%
En trophée individuel ce joueur a-t-il gagné en 2018 ? Le Ballon d'or
87%
Quel autre joueur avait réaliser le même transfert un an auparavant ? Luka Modric
83%
De quel club provenait il avant d'arriver au Réal Madrid ? Tottenham Hotspur
82%
Combien de buts a-t-il marqué en 438 matchs avec le Réal Madrid ? 450
42%
Qui l'a remporté 30 ans auparavant ? Marco Van Basten
32%
Et encore 30 ans avant ? Raymond Kopa
28%
Aucun quiz correspondant
Distribution des résultats
% des personnes avec chaque résultat
Percentile par nombre de réponses
Votre historique - résultats
Vous n’avez pas pris ce quiz